| 000 | 00581nam a22001817a 4500 | ||
|---|---|---|---|
| 999 |
_c194956 _d194956 |
||
| 005 | 20230202161440.0 | ||
| 010 | _aENG-136108 | ||
| 020 |
_a9789380530291 _c100.00 |
||
| 035 | _aEN-119640 | ||
| 037 | _bDBAD/PUB | ||
| 082 | _a332.1023768 | ||
| 100 | _aMurugan, R. | ||
| 245 |
_aBanking: _cR. Murugan, K. Singaravelu and S. Murugaian |
||
| 260 |
_aNew Delhi _bMarkazi Maktaba Islami Publishers _c2016 |
||
| 270 |
_aD-307, Dawat Nagar, Abul Fazl Enclave, Jamia Nagar, Okhla _bNew Delhi _e110025 |
||
| 300 |
_a192p. _c22cm(pbk) |
||
| 942 |
_2ddc _cEN _h332.102 _mSID |
||